[Event "It (cat.15)"]
[Site "masterchessopen.com Wijk aan Zee (Netherlands)"]
[Date "2006.01.17"]
[Round "4"]
[White "Jobava Baadur (GEO)"]
[Black "Almasi Zoltan (HUN)"]
[Result "1-0"]
[WhiteElo "2650"]
[BlackElo "2664"]

{ Almasi Zoltan (HUN) +4 =0 -0 } 1.d4 Nf6 2.c4 e6 3.Nc3 Bb4 4.e3 O-O 5.Ne2 d5
6.a3 Bd6 ( 6...Be7 7.cxd5 exd5 8.b4 Re8 9.Ng3 Bd6 10.Bd3 c6 11.O-O Nbd7 12.f3
a5 13.Rb1 axb4 14.axb4 Qb6 15.Nce2 Nf8 16.Kh1 Be7 17.e4 dxe4 18.fxe4 Bg4
19.Bb2 Rad8 20.h3 Bc8 21.Bc3 Ng6 22.Qd2 Qc7 23.Rbc1 Bf8 24.Qa2 Be6 25.Qb2 Bc8
26.Bc4 { ...0-1, Milov Vadim 2645 - Almasi Zoltan 2619 , Corsico 27.10.2005 It
(active) "Aiacciu Masters" } ) 7.Ng3 { = } 7...a5 { N } ( 7...c5 8.dxc5 Bxc5
9.b4 Be7 10.Bb2 ( 10.cxd5 Nxd5 11.Nxd5 exd5 12.Bd3 Bf6 13.Rb1 Nc6 14.O-O Be6
15.Nh5 Be5 16.b5 Na5 17.f4 Bc7 18.f5 Qd6 19.Qg4 Qxh2+ 20.Kf2 Be5 21.Bd2 { 1-0,
Graf Alexander 2637 - Hoffmann Michael 2468 , Germany 29. 1.2005 Bundesliga
2004/05 } ) 10...a5 11.b5 dxc4 12.Bxc4 Nbd7 13.Be2 Nb6 14.Qb3 e5 15.O-O Be6
16.Qc2 Re8 17.Rfd1 { 1/2-1/2, Aronian Levon 2675 - Pelletier Yannick 2589 ,
Calvia 26.10.2004 Olympiad } ) ( 7...b6 8.cxd5 exd5 9.Be2 ( 9.Bd3 Re8 10.O-O
Bb7 11.b4 a6 12.Nf5 Bf8 13.g4 Nbd7 14.f3 h6 15.Ra2 g6 16.Ng3 c5 17.bxc5 bxc5
18.Re2 Rc8 19.Qd2 cxd4 20.exd4 Qb6 21.Rxe8 Rxe8 22.Nce2 Ne5 23.Kg2 Nxd3
24.Qxd3 a5 25.Rf2 Ba6 26.Qd2 Bc4 27.g5 { ...0-1, De Barros Frederic 2073 -
Hartereau Philippe 2247 , Plancoet 25. 7.2004 It (open) } ) 9...Re8 10.O-O c6
11.b4 a6 12.Bb2 Nbd7 13.Qc2 b5 14.Bd3 Nb6 15.e4 dxe4 16.Ncxe4 Nxe4 17.Bxe4 Be6
18.Bxh7+ Kh8 19.Be4 Rc8 20.Nf5 Bd5 21.Rae1 Bf8 22.Qd3 g6 23.Bxd5 Nxd5 24.Qh3+
Kg8 25.Nh6+ Bxh6 26.Qxh6 Qf6 27.Re5 { ...1/2-1/2, Graf Alexander 2646 -
Topalov Veselin 2757 , Benidorm 2003 It (active) } ) ( 7...c6 8.Bd3 e5 9.cxd5
exd4 10.exd4 Re8+ 11.Be2 cxd5 12.O-O Nc6 13.Be3 Be6 14.Qd2 Na5 15.Rad1 Ng4
16.Bg5 f6 17.Bf4 Nb3 18.Qc2 Bxf4 19.Qxb3 f5 20.Rfe1 Nf6 21.Qxb7 Rb8 22.Qxa7
Ne4 23.Bb5 Ra8 24.Qb7 Re7 25.Qc6 Rc8 26.Qa6 Ra8 27.Qc6 { ...1/2-1/2, Graf
Alexander 2646 - Polgar Judit 2728 , Benidorm 2003 It (active) } ) ( 7...Re8
8.Be2 c6 9.O-O e5 10.b3 e4 11.a4 g6 12.Ba3 Bxa3 13.Rxa3 h5 14.Re1 h4 15.Nf1 a5
16.Ra1 Na6 17.Nd2 Bf5 18.Ndb1 Re6 { 1/2-1/2, Graf Alexander 2646 - Nisipeanu
Liviu-Dieter 2687 , Aghia Pelagia 7. 7.2004 Ch Greece (team) } ) ( 7...Nbd7
8.b4 c6 9.c5 Be7 10.Be2 Re8 11.f4 b6 12.O-O a5 13.Bd2 axb4 14.axb4 Bb7 15.Qc2
bxc5 16.bxc5 Qc7 17.Nh1 Nf8 18.Nf2 N6d7 19.Nd3 Ba6 20.Ra4 Bxd3 21.Bxd3 Rxa4
22.Qxa4 Rb8 23.Na2 Rb7 24.Nb4 Nb8 25.Ra1 f6 26.e4 Ng6 27.g3 { ...1-0, Hjorth
Greg 2376 - Koepcke Richard 2283 , USA 1990 Tournament } ) ( 7...dxc4 8.Bxc4
c6 9.O-O e5 10.d5 cxd5 11.Nxd5 Nxd5 12.Bxd5 Nc6 13.b4 Ne7 14.Bb3 Ng6 15.Bb2
Qe7 16.Qf3 Nh4 17.Qe4 Kh8 18.Rad1 Bc7 19.Rc1 Bb8 20.Rfd1 f5 21.Qc4 h6 22.b5
Qg5 23.Qc5 Ng6 24.Qxf8+ Nxf8 25.Rxc8 f4 26.Rxf8+ Kh7 27.Bc2+ { ...1-0, Ballon
Guenther Jan 2219 - Domanski Markus 2107 , Bad Woerishofen 2002 It (open) } )
( 7...a6 8.c5 Be7 9.b4 Nfd7 10.Bd3 c6 11.O-O e5 12.f3 Bf6 13.Nce2 a5 14.Bb2
exd4 15.Bxd4 Bxd4 16.exd4 axb4 17.axb4 Rxa1 18.Qxa1 Nf6 19.Qc1 Re8 20.Qf4 Qe7
21.Ra1 Na6 22.Bxa6 bxa6 23.Kf2 h5 24.h4 g6 25.Ra3 Kg7 26.Qg5 Kh7 27.Re3 {
...1-0, Hebert Jean 2465 - Moussa Alaa-Eddine 2188 , Quebec 1997 Ch Quebec } )
8.Qc2 c5 9.dxc5 Bxc5 10.cxd5 exd5 { +0.33 CAP } 11.Bb5 Bd7 12.O-O Bxb5 13.Nxb5
Qb6 14.Nc3 Nbd7 15.Bd2 Rac8 16.Rac1 Rc6 17.Na4 Qb5 18.Nxc5 Nxc5 { ?! } (
18...Rxc5 19.Bc3 Re8 20.Rfd1 a4 { } ) 19.Nf5 Rc7 20.Qc3 b6 21.Qe5 Qd7 { ? } (
21...Ne8 { !? } 22.Rcd1 Nd3 23.Qg3 Qxb2 { } ) 22.Bc3 Nce4 23.Bd4 Rxc1 24.Rxc1
Re8 25.Qf4 Qe6 { ?! } ( 25...g5 26.Qf3 h5 27.Bxf6 Nxf6 { } ) 26.h4 { ?! } (
26.f3 Nh5 27.Qg4 { } ) 26...Nh5 27.Qf3 g6 28.Nh6+ Kf8 29.g4 Nhf6 { ?! } (
29...Ng7 30.Rc7 Re7 31.Rxe7 Qxe7 { } ) 30.Qf4 Ng8 31.Rc6 { } {#r} 1-0

[Event "It (open)"]
[Site "masterchessopen.com Queenstown (New Zealand)"]
[Date "2006.01.22"]
[Round "8"]
[White "Hecht Hans-Joachim (GER)"]
[Black "Wohl Aleksandar H (AUS)"]
[Result "1-0"]
[WhiteElo "2391"]
[BlackElo "2427"]

1.d4 Nf6 2.c4 e6 3.Nc3 Bb4 4.e3 O-O 5.Ne2 Re8 6.a3 Bf8 7.Ng3 d5 8.Be2 b6 9.O-O
Bb7 10.b4 c5 11.bxc5 bxc5 12.Rb1 Bc6 13.cxd5 exd5 14.dxc5 Nbd7 15.Nf5 Nxc5
16.Nd4 Bd7 17.Bf3 Nfe4 18.Bd2 Qg5 19.Qe2 Rad8 20.Rfd1 Bc8 21.Be1 Qe5 22.Ncb5
Rd7 23.Bg4 Ne6 24.Nc6 Qf6 25.Nbxa7 Bb7 26.Na5 Ba8 27.Nb5 d4 28.f3 Nd6 29.Bxe6
Qxe6 30.Nxd4 Qxe3+ 31.Qxe3 Rxe3 32.Nb5 Re5 33.Bg3 {#r} 1-0

[Event "Bundesliga B Mitte 2005/06"]
[Site "masterchessopen.com Austria"]
[Date "2006.02.05"]
[Round "7"]
[White "Zechner Gernot (AUT)"]
[Black "Ceschia Ivano (ITA)"]
[Result "0-1"]
[WhiteElo "2245"]
[BlackElo "2286"]

1.d4 Nf6 2.c4 e6 3.Nc3 Bb4 4.e3 O-O 5.Ne2 d5 6.a3 Be7 7.Ng3 b6 8.Bd3 Re8 9.O-O
Ba6 10.Qe2 c5 11.dxc5 bxc5 12.Rd1 d4 13.exd4 cxd4 14.Be4 Nxe4 15.Qxe4 Qb6
16.c5 Bxc5 17.b4 dxc3 18.bxc5 Qb3 19.Rd6 Bb7 20.c6 Bxc6 21.Rxc6 Nxc6 22.Qxc6
Rac8 23.Qf3 Red8 24.Bg5 f6 25.Bh4 Qb2 26.Rf1 c2 {#R} 0-1

[Event "Ch Germany"]
[Site "masterchessopen.com Osterburg (Germany)"]
[Date "2006.02.06"]
[Round "4"]
[White "Degtiarev Evgeny (GER)"]
[Black "Sprenger Jan Michael (GER)"]
[Result "0-1"]
[WhiteElo "2393"]
[BlackElo "2525"]

1.d4 Nf6 2.c4 e6 3.Nc3 Bb4 4.e3 O-O 5.Ne2 d5 6.cxd5 exd5 7.g3 Bf5 8.Bg2 Qd7
9.O-O Na6 10.f3 c5 11.g4 Be6 12.h3 Ne8 13.a3 cxd4 14.exd4 Bxc3 15.Nxc3 Nac7
16.Bf4 Nd6 17.Qb3 Ncb5 18.Nxb5 Nxb5 19.Qb4 a5 20.Qa4 Rfc8 21.Rfc1 Rc4 22.Rxc4
dxc4 23.Rd1 Bd5 24.Kf2 Qc6 25.Qc2 Rc8 26.a4 Nc7 27.Bxc7 Qxc7 28.Qd2 b6 29.f4
Qc6 30.Bxd5 Qxd5 31.Qe3 h6 32.Rd2 Rd8 33.Qe7 Qa8 34.Qc7 Rc8 35.Qd7 Rd8 36.Qc7
Rc8 {#R} 0-1

[Event "It (open) Aeroflot"]
[Site "masterchessopen.com Moscow (Russia)"]
[Date "2006.02.12"]
[Round "5"]
[White "Sasikiran Krishnan (IND)"]
[Black "Landa Konstantin (RUS)"]
[Result "1-0"]
[WhiteElo "2675"]
[BlackElo "2570"]

{ } 1.d4 Nf6 2.c4 e6 3.Nc3 Bb4 4.e3 O-O 5.Ne2 d5 6.a3 Be7 7.cxd5 exd5 8.g3 a5
9.Bg2 c6 10.O-O Na6 { = } ( 10...Nbd7 11.h3 Re8 12.g4 Nf8 13.f4 h6 14.Ng3 Ng6
15.Bh1 Bd6 16.e4 dxe4 17.Ncxe4 Nxe4 18.Bxe4 Qh4 19.Kg2 h5 20.Nf5 Bxf5 21.Bxf5
Qf6 22.Kh1 Rad8 23.Qd3 hxg4 24.hxg4 Nxf4 25.Bxf4 Bxf4 26.Rxf4 Qh6+ { 0-1,
Hetey Laszlo 2290 - Onischuk Alexander 2575 , Groningen 1995 It (open) } )
11.b3 ( 11.f3 c5 12.dxc5 Bxc5 13.Nd4 Re8 14.Qd3 Bf8 15.Bd2 Nc5 16.Qc2 Bd7
17.b4 axb4 18.axb4 Rxa1 19.Rxa1 Ne6 20.Na4 Nxd4 21.exd4 Bb5 22.Bf1 Bxf1
23.Rxf1 Qd7 24.Nc5 Qb5 25.Qd3 Qxd3 26.Nxd3 Rc8 27.Ra1 Rc4 28.Ne5 Rc2 29.Be1 g6
30.Ra7 Rc7 { ...1/2-1/2, Groffen Hans 2210 - Chuchelov Vladimir 2540 , Belgium
1998 Ch Belgium (team) 1998/99 } ) 11...Re8 { -0.22 CAP N } ( 11...b5 12.Nf4
Nc7 13.h3 Ba6 14.Re1 b4 15.Nce2 Nb5 16.a4 Nc3 17.Qc2 Rc8 18.Bf1 c5 19.Nxc3
Bxf1 20.Kxf1 cxd4 21.exd4 Rxc3 22.Qd1 Ne4 23.Bb2 Rf3 24.Nd3 Qd6 25.Rxe4 dxe4
26.Ne5 Rf5 27.Qg4 Qf6 28.Qe2 Bd6 29.Kg2 Bxe5 30.dxe5 Qc6 31.Kg1 { ...0-1,
Hoyer Thomas - Wocke Ruediger, Germany 1990 Regionalliga NordN } ) 12.Kh1 { N
} ( 12.Nf4 Nc7 13.Bb2 Bd6 14.Qc2 g6 15.Rfe1 Bf5 16.Nd3 Bf8 { 1/2-1/2,
Komljenovic Davor 2479 - Palac Mladen 2543 , Dos Hermanas 27. 3.2004 It (open)
} ) 12...Bf8 { ?! } ( 12...Bf5 13.f3 Bd6 14.e4 dxe4 { } ) 13.Nf4 Bf5 14.f3 h6
15.Ra2 b5 16.Nce2 Bh7 17.g4 Ra7 18.Ng3 Bd6 19.Nd3 c5 20.f4 Ne4 21.Nxe4 Bxe4
22.Ne5 Rc7 23.Qe2 Bxg2+ 24.Qxg2 Bxe5 25.fxe5 c4 26.bxc4 dxc4 27.g5 Qxg5 { ?! }
( 27...Re6 28.gxh6 Rxh6 29.Qf3 Rg6 { } ) 28.Qd5 Qg6 29.Rg2 { ?! } ( 29.Qxb5
Qc6+ 30.Qxc6 Rxc6 31.Kg2 { } ) 29...Qc6 30.e4 c3 { ?? } ( { ? } 30...Qxd5
31.exd5 Kh7 32.Rfg1 g6 { } ) 31.Rfg1 g5 { ?! } ( 31...Kh8 32.Rxg7 b4 { } )
32.Bxg5 hxg5 33.Rxg5+ Kf8 34.Rg8+ Ke7 35.Rxe8+ { } {#r} 1-0

[Event "Czech League 2005/06 (krajsky prebor)"]
[Site "masterchessopen.com Czech Republic"]
[Date "2006.02.19"]
[Round "0"]
[White "Svestka Jiri"]
[Black "Reznik Miloslav"]
[Result "1-0"]
[WhiteElo "1746"]
[BlackElo "1713"]

1.d4 Nf6 2.c4 e6 3.Nc3 Bb4 4.e3 O-O 5.Ne2 d5 6.a3 Bxc3+ 7.Nxc3 b6 8.Qc2 Bb7
9.cxd5 Nxd5 10.Nxd5 Bxd5 11.e4 Bb7 12.Be3 Nd7 13.Bd3 c5 14.dxc5 Nxc5 15.Bxc5
Rc8 16.Bxb6 Qxb6 17.Qe2 Qa5+ 18.b4 Qe5 19.O-O Rc3 20.Rfc1 Rfc8 21.Rxc3 Qxc3
22.Qf1 g6 23.f3 Qd4+ 24.Kh1 Rc3 25.Bb5 Qe5 26.Qd1 Qxb5 27.Qd8+ Kg7 28.Qd4+ Kf8
29.Qxc3 h5 30.Rc1 Kg8 31.Qc7 Qa6 32.a4 g5 33.b5 Qb6 34.Qxb6 axb6 35.Rc7 {#r}
1-0

[Event "It (open)"]
[Site "masterchessopen.com Cappelle la Grande (France)"]
[Date "2006.02.20"]
[Round "4"]
[White "Panczyk Krzysztof (POL)"]
[Black "Akesson Ralf (SWE)"]
[Result "0-1"]
[WhiteElo "2340"]
[BlackElo "2467"]

1.d4 Nf6 2.c4 e6 3.Nc3 Bb4 4.e3 O-O 5.Ne2 d5 6.a3 Be7 7.cxd5 exd5 8.g3 Re8
9.Bg2 Bf8 10.O-O a5 11.b3 c6 12.Ra2 h5 13.h3 g6 14.f3 c5 15.Nf4 cxd4 16.exd4
Nc6 17.g4 Bg7 18.Nfe2 hxg4 19.hxg4 b6 20.Bg5 Ba6 21.Rf2 Ra7 22.Qd2 Rae7 23.Qf4
Re6 24.Bf1 Qd7 25.Bh6 Qd6 26.Qd2 Bh8 27.Rh2 Nxg4 28.fxg4 Nxd4 29.Nxd4 Re1
30.Ncb5 Qg3+ 31.Rg2 Bxd4+ {#R} 0-1

[Event "It (open)"]
[Site "masterchessopen.com Hyderabad (India)"]
[Date "2006.03.02"]
[Round "7"]
[White "Suvrajit Saha (IND)"]
[Black "Ramakrishna J (IND)"]
[Result "0-1"]
[WhiteElo "2356"]
[BlackElo "2297"]

1.d4 Nf6 2.c4 e6 3.Nc3 Bb4 4.e3 O-O 5.Ne2 d5 6.a3 Be7 7.cxd5 exd5 8.Ng3 Re8
9.Bd3 c6 10.Bd2 a5 11.O-O Na6 12.Rc1 Bf8 13.Nh5 Nc7 14.Nxf6+ Qxf6 15.Qc2 Qh4
16.Na4 Re6 17.Bf5 Rf6 18.Bxc8 Rxc8 19.Bxa5 Nb5 20.Bb4 Bxb4 21.axb4 Nd6 22.Nc3
Re8 23.b5 Rg6 24.g3 Qh3 25.bxc6 bxc6 26.Rfe1 Nf5 27.Re2 h5 28.Rf1 h4 29.Nd1
Ree6 30.Qd2 Ref6 31.e4 hxg3 32.fxg3 Qxf1+ 33.Kxf1 Ne3+ {#R} 0-1

[Event "It (open)"]
[Site "masterchessopen.com Bad Ems (Germany)"]
[Date "2006.03.09"]
[Round "7"]
[White "Zimmermann Klemens (GER)"]
[Black "Kvisla Johannes Luangtep (NOR)"]
[Result "1-0"]
[WhiteElo "2296"]
[BlackElo "2132"]

1.d4 Nf6 2.c4 e6 3.Nc3 Bb4 4.e3 O-O 5.Ne2 Re8 6.a3 Bf8 7.Ng3 a6 8.e4 c5 9.e5
cxd4 10.Qxd4 Nc6 11.Qf4 Qa5 12.exf6 Nb4 13.axb4 Qxa1 14.fxg7 Bxg7 15.Qd2 d5
16.Nh5 Bh8 17.Be2 f5 18.O-O d4 19.Qg5+ Kf7 20.Qh6 Kg8 21.Nf6+ Bxf6 22.Qxf6
{#r} 1-0

[Event "Czech League 2005/06 (2nd) (f)"]
[Site "masterchessopen.com Czech Republic"]
[Date "2006.03.26"]
[Round "10"]
[White "Benco Pavel (CZE)"]
[Black "Kolar Stanislav (CZE)"]
[Result "1-0"]
[WhiteElo "2126"]
[BlackElo "2138"]

1.d4 Nf6 2.c4 e6 3.Nc3 Bb4 4.e3 O-O 5.Ne2 d5 6.a3 Bd6 7.c5 Be7 8.b4 c6 9.Ng3
b6 10.f4 a5 11.Bd2 Ba6 12.Be2 Nbd7 13.O-O Bxe2 14.Ngxe2 Qb8 15.Rb1 axb4
16.axb4 Ra7 17.Nc1 Qa8 18.Nd3 Bd8 19.Ra1 Bc7 20.b5 bxc5 21.dxc5 cxb5 22.Nxb5
Rxa1 23.Qxa1 Qd8 24.Bb4 Re8 25.Qa7 Bb8 26.Qa5 Qc8 27.Rc1 Qc6 28.Nd4 Qc7 29.c6
Nb6 30.Nb5 Qd8 31.c7 Bxc7 32.Nxc7 Nc4 33.Qc5 Ne4 34.Qc6 {#r} 1-0

[Event "Cup Belgrade (team)"]
[Site "masterchessopen.com Belgrade (Yugoslavia)"]
[Date "2006.04.06"]
[Round "2"]
[White "Mihic Bojan (SRB)"]
[Black "Rajkovic Dusan (SRB)"]
[Result "0-1"]
[WhiteElo "2346"]
[BlackElo "2506"]

1.d4 Nf6 2.c4 e6 3.Nc3 Bb4 4.e3 O-O 5.Ne2 d5 6.a3 Be7 7.Nf4 b6 8.Qf3 Bb7
9.cxd5 exd5 10.Bd3 Re8 11.g4 Bf8 12.g5 Ne4 13.Rg1 c5 14.dxc5 Nd7 15.Ncxd5
Ndxc5 16.Bc4 b5 17.Ba2 Nd3+ 18.Nxd3 Bxd5 19.Bxd5 Qxd5 20.Nf4 Qe5 21.Qe2 Rad8
22.h4 Nc3 23.bxc3 Qxc3+ 24.Kf1 Qxa1 25.Kg2 Qb1 {#R} 0-1

[Event "Ch Frankfurt (open)"]
[Site "masterchessopen.com Frankfurt (Germany)"]
[Date "2006.04.24"]
[Round "1"]
[White "Noble Alexander (GER)"]
[Black "Rondio Thomas (GER)"]
[Result "0-1"]
[WhiteElo "2105"]
[BlackElo "1813"]

1.d4 Nf6 2.c4 e6 3.Nc3 Bb4 4.e3 O-O 5.Ne2 d5 6.a3 Be7 7.Ng3 c5 8.cxd5 Nxd5
9.Bd3 cxd4 10.exd4 Nc6 11.Qh5 Nf6 12.Qd1 Nxd4 13.Be3 Nc6 14.Qe2 Nd5 15.Nxd5
Qxd5 16.Rd1 Qa5+ 17.Kf1 Qe5 18.f4 Qc7 19.Rc1 Qd8 20.Kf2 Nd4 21.Bxh7+ Kxh7
22.Qh5+ Kg8 23.Rhd1 g6 24.Qh6 Bf6 25.Nh5 gxh5 26.Rc5 e5 27.Rxe5 Bxe5 28.fxe5
Qh4+ 29.Kf1 Nf5 {#R} 0-1

[Event "It (open)"]
[Site "masterchessopen.com Ditzingen (Germany)"]
[Date "2006.05.26"]
[Round "4"]
[White "Juettner Andreas (GER)"]
[Black "Unger Franz (GER)"]
[Result "0-1"]
[WhiteElo "2123"]
[BlackElo "2017"]

1.d4 Nf6 2.c4 e6 3.Nc3 Bb4 4.e3 O-O 5.Ne2 d5 6.a3 Be7 7.Nf4 c6 8.b3 Nbd7
9.cxd5 exd5 10.Bd3 Re8 11.O-O Nf8 12.Nh5 Bd6 13.Nxf6+ Qxf6 14.Qf3 Qxf3 15.gxf3
Bh3 16.Rd1 Re6 17.Kh1 Rae8 18.e4 dxe4 19.Nxe4 f5 20.Bc4 fxe4 21.fxe4 Kh8
22.Bxe6 Bxe6 23.b4 Bg4 24.Rd3 Rxe4 25.Bg5 Be6 26.f3 Re2 27.Re3 Rxh2+ 28.Kg1
Rh5 29.Bd8 Kg8 30.Rae1 Kf7 31.Re4 Bd5 32.Rg4 Ne6 33.Rh4 Rf5 {#R} 0-1

[Event "Memorial R.Nezhmetdinov"]
[Site "masterchessopen.com Kazan (Russia)"]
[Date "2006.06.05"]
[Round "5"]
[White "Zaiatz Elena (RUS)"]
[Black "Iliushkin Evgen (RUS)"]
[Result "1-0"]
[WhiteElo "2395"]
[BlackElo "2310"]

1.d4 Nf6 2.c4 e6 3.Nc3 Bb4 4.e3 O-O 5.Ne2 d5 6.a3 Be7 7.cxd5 Nxd5 8.Qc2 b6
9.Nxd5 exd5 10.Nc3 Be6 11.Bd3 h6 12.b4 c5 13.bxc5 bxc5 14.dxc5 Nd7 15.c6 Nc5
16.Nb5 Nxd3+ 17.Qxd3 Bf5 18.Qxf5 Qa5+ 19.Bd2 Qxb5 20.c7 Rac8 21.a4 Qa6 22.Rc1
Bd6 23.Qd7 Bxc7 24.Rxc7 Rxc7 25.Qxc7 {#r} 1-0

[Event "Ch Greece (team)"]
[Site "masterchessopen.com Ermioni (Greece)"]
[Date "2006.07.07"]
[Round "6"]
[White "Ntiloudi Despina (GRE)"]
[Black "Gosciniak Maria (POL)"]
[Result "1-0"]
[WhiteElo "1961"]
[BlackElo "2049"]

1.d4 Nf6 2.c4 e6 3.Nc3 Bb4 4.e3 O-O 5.Ne2 b6 6.a3 Bxc3+ 7.Nxc3 Bb7 8.f3 Nh5
9.Qc2 f5 10.Bd3 Qh4+ 11.Qf2 Qe7 12.O-O d6 13.Qc2 Nd7 14.Bd2 Nhf6 15.Rae1 c5
16.d5 exd5 17.cxd5 g6 18.e4 fxe4 19.Nxe4 Nxe4 20.Rxe4 Qd8 21.Re6 Rf7 22.Bh6
Ne5 23.Bxg6 hxg6 24.Rxe5 Qf6 25.Re6 Qd4+ 26.Kh1 Rf6 27.Be3 Qh4 28.g3 Qh3
29.Rxf6 Qxf1+ 30.Bg1 Kh8 31.Qxg6 Qh3 32.Qg5 {#r} 1-0

[Event "Ch Belgium"]
[Site "masterchessopen.com Namur (Belgium)"]
[Date "2006.07.09"]
[Round "9"]
[White "Vandevoort Pascal (BEL)"]
[Black "Werksma Adri (NED)"]
[Result "1-0"]
[WhiteElo "2388"]
[BlackElo "2295"]

1.d4 Nf6 2.c4 e6 3.Nc3 Bb4 4.e3 O-O 5.Ne2 d5 6.cxd5 exd5 7.g3 Re8 8.Bg2 a5
9.O-O Bf8 10.Qc2 Nc6 11.a3 Ne7 12.Kh1 Ra6 13.Nf4 Rd6 14.f3 Nf5 15.Qf2 c6 16.g4
Ne7 17.g5 Nd7 18.e4 Ng6 19.Nfe2 Be7 20.f4 dxe4 21.Nxe4 Rd5 22.f5 Ngf8 23.N2c3
Nb6 24.f6 gxf6 25.gxf6 Bd6 26.Nxd5 Nxd5 27.Qh4 Ng6 28.Qh5 Rxe4 29.Bxe4 Nxf6
30.Bg5 Be7 31.Bxf6 Bxf6 32.Qf3 Kg7 33.Rad1 Qd6 34.d5 c5 35.Rd2 {#r} 1-0

[Event "Ch Sweden"]
[Site "masterchessopen.com Gothenburg (Sweden)"]
[Date "2006.07.10"]
[Round "9"]
[White "Hellsten Johan (SWE)"]
[Black "Brynell Stellan (SWE)"]
[Result "1-0"]
[WhiteElo "2592"]
[BlackElo "2502"]

{ } 1.d4 Nf6 2.c4 e6 3.Nc3 Bb4 4.e3 O-O 5.Ne2 d5 6.a3 Be7 7.Nf4 dxc4 8.Bxc4 c5
{ = } 9.d5 ( 9.O-O Nc6 10.d5 exd5 11.Nfxd5 Nxd5 12.Bxd5 Qd6 13.e4 Be6 14.Be3
Rad8 15.Qa4 Rd7 16.Rad1 Rfd8 17.f4 Bxd5 18.Nxd5 Bf8 19.f5 Qb8 20.f6 g6 21.Bf4
Qc8 22.Rfe1 Re8 23.b4 cxb4 24.axb4 Nxb4 25.Ne7+ Bxe7 26.Rxd7 Bf8 27.Rc7 Qe6
28.Qd7 Qxf6 { ...1-0, Banikas Hristos 2515 - Kovacevic Aleksandar 2543 ,
Halkidiki 2002 Cup European Club (final) } ) ( 9.dxc5 Qxd1+ 10.Kxd1 Bxc5 11.b4
Be7 12.Bb2 a6 13.Ke2 b5 14.Bb3 Nbd7 15.Rac1 { 1/2-1/2, Garcia Raimundo 2420 -
Rubinetti Jorge 2410 , Buenos Aires 1972 It } ) 9...e5 ( 9...exd5 10.Ncxd5
Nxd5 11.Nxd5 Be6 12.O-O Nc6 13.b3 Bf6 14.Ra2 Na5 15.Rd2 Nxc4 16.bxc4 Bxd5
17.Rxd5 Qe7 18.Qg4 Rad8 19.Rfd1 Rxd5 20.Rxd5 Rd8 21.g3 g6 22.e4 Kg7 23.Bf4
Rxd5 24.cxd5 Be5 25.Bg5 f6 26.Be3 c4 27.Bxa7 c3 28.Qc8 Bc7 29.Qxb7 { ...1-0,
Zhang Pengxiang 2613 - Zhao Xue 2478 , Internet 26. 3.2005 Dos Hermanas
Internet Final } ) 10.Nfe2 { N } ( 10.Nh5 Ne8 11.e4 Nd6 12.Be2 Nd7 13.O-O c4
14.f4 exf4 15.Bxf4 f6 16.Be3 Ne5 17.Nf4 f5 18.Ne6 Bxe6 19.dxe6 Nxe4 20.Nd5 Nf6
21.Nxf6+ Rxf6 22.Bd4 Qc7 23.Kh1 Rh6 24.h3 Rd8 25.Rxf5 Nc6 26.Bc3 Rxd1+ 27.Rxd1
Bf6 28.Bxc4 Kf8 29.Rd7 Qg3 { ...0-1, Bauza Alejandro 2220 - Liao Yuan Eu 2425
, Lucerne 1982 Olympiad } ) 10...Ne8 { +0.07 CAP } 11.b3 Nd6 12.Bb2 Nd7 13.O-O
f5 14.Qc2 a6 15.a4 b6 16.f4 Bf6 17.Nd1 e4 18.Nec3 Bb7 19.Nf2 Kh8 20.g4 g6
21.Nh3 Qe7 22.Ng5 Bxg5 23.fxg5 Kg8 24.gxf5 Qxg5+ 25.Kh1 Rae8 26.fxg6 hxg6
27.Rg1 Qh6 28.Rg2 Kh7 29.Rag1 Rf3 { ?? } ( 29...Rg8 30.Qe2 { } ) 30.Rxg6 Qxg6
31.Rxg6 Kxg6 32.Qg2+ Kf5 33.Nxe4 { } {#r} 1-0

[Event "Ch Quebec (open)"]
[Site "masterchessopen.com Montreal (Canada)"]
[Date "2006.07.15"]
[Round "9"]
[White "Chabot Roland (CAN)"]
[Black "Fillion Steve (CAN)"]
[Result "1-0"]
[WhiteElo "2244"]
[BlackElo "2147"]

1.d4 Nf6 2.c4 e6 3.Nc3 Bb4 4.e3 O-O 5.Ne2 d5 6.a3 Be7 7.cxd5 Nxd5 8.e4 Nxc3
9.Nxc3 c5 10.d5 exd5 11.exd5 Bf5 12.Qf3 Bg6 13.Bf4 Nd7 14.O-O-O Bf6 15.h4 Bxh4
16.d6 Bg5 17.g3 Re8 18.Bb5 a6 19.Bxd7 Bxf4+ 20.Qxf4 Qxd7 21.Nd5 Re2 22.Ne7+
Kh8 23.Nxg6+ fxg6 24.Qc4 Qe6 25.Qxe6 Rxe6 26.d7 Rd8 27.Rhe1 {#r} 1-0

[Event "It (open)"]
[Site "masterchessopen.com Amsterdam (Netherlands)"]
[Date "2006.07.16"]
[Round "2"]
[White "Van Beek Lucien (NED)"]
[Black "Taylor Peter (ENG)"]
[Result "1-0"]
[WhiteElo "2345"]
[BlackElo "2211"]

1.d4 Nf6 2.c4 e6 3.Nc3 Bb4 4.e3 O-O 5.Ne2 d5 6.a3 Be7 7.cxd5 exd5 8.b4 Nbd7
9.Ng3 Nb6 10.Bd3 Re8 11.O-O a6 12.f3 Be6 13.Nce2 Nfd7 14.Qc2 Nf8 15.e4 g6
16.e5 f5 17.Nxf5 Bxf5 18.Bxf5 gxf5 19.Qxf5 Qd7 20.Qd3 Qb5 21.Qd1 a5 22.bxa5
Qxa5 23.f4 c5 24.f5 Qa4 25.Qd3 Kh8 26.f6 Ng6 27.fxe7 cxd4 28.Bg5 Nd7 29.Bf6+
Kg8 30.Qh3 Nc5 31.Rac1 Qxa3 32.Qxa3 Rxa3 33.Rxc5 d3 34.Ng3 {#r} 1-0

[Event "It (open)"]
[Site "masterchessopen.com Senta (Yugoslavia)"]
[Date "2006.07.24"]
[Round "5"]
[White "Guzsvany Arpad (SRB)"]
[Black "Urosevic Goran (SRB)"]
[Result "0-1"]
[WhiteElo "2027"]
[BlackElo "2195"]

1.d4 Nf6 2.c4 e6 3.Nc3 Bb4 4.e3 O-O 5.Ne2 d5 6.a3 Be7 7.Nf4 b6 8.cxd5 exd5
9.g3 c6 10.Bg2 Bd6 11.Nfxd5 cxd5 12.Nxd5 Nxd5 13.Bxd5 Bb4+ 14.axb4 Qxd5 {#R}
0-1

[Event "It (open)"]
[Site "masterchessopen.com Kiel (Germany)"]
[Date "2006.07.28"]
[Round "9"]
[White "Bubolz Konstantin (GER)"]
[Black "Joppien Arne (GER)"]
[Result "1-0"]
[WhiteElo "2079"]
[BlackElo "2011"]

1.d4 Nf6 2.c4 e6 3.Nc3 Bb4 4.e3 O-O 5.Ne2 d5 6.a3 Be7 7.cxd5 exd5 8.b4 c6
9.Ng3 Bd6 10.Bd3 Re8 11.Qc2 g6 12.f3 Qc7 13.Nce2 Nbd7 14.O-O Nf8 15.e4 dxe4
16.fxe4 Be7 17.Bb2 Ng4 18.Qc3 f6 19.h3 Nh6 20.Kh1 Qd8 21.d5 cxd5 22.e5 Nf7
23.exf6 Bd6 24.Bc2 Be5 25.Nd4 Qd6 26.Nge2 Bd7 27.Bb3 Ne6 28.Qf3 Nc7 29.h4 h5
30.Bc2 Bf4 31.Qd3 Bf5 32.Nxf5 gxf5 33.Qxf5 Ne6 34.Qh7+ Kf8 35.Bg6 Qd7 {#r} 1-0

[Event "Ch MinPros (b)"]
[Site "masterchessopen.com Nizhnij Novgorod (Russia)"]
[Round "0"]
[White "Sudosha Mikhail (RUS)"]
[Black "Trofimov Sergey P (RUS)"]
[Result "0-1"]
[WhiteElo "2057"]
[BlackElo "2399"]

1.d4 Nf6 2.c4 e6 3.Nc3 Bb4 4.e3 O-O 5.Ne2 d5 6.a3 Be7 7.Ng3 c5 8.dxc5 Bxc5
9.b4 Bb6 10.cxd5 exd5 11.Nb5 Nc6 12.Bb2 Bg4 13.Be2 Bxe2 14.Nxe2 a6 15.Nbd4 Ne5
16.O-O Bc7 17.Ng3 Qd7 18.Qe2 Rfe8 19.Rfd1 Nc4 20.Rac1 Nxb2 21.Qxb2 Be5 22.Qb3
h5 23.Nf3 Bxg3 24.hxg3 Rac8 25.Qb2 Qf5 26.Nd4 Qe5 27.Rxc8 Rxc8 28.Rc1 Rc4
29.Rc2 Ng4 30.Kf1 g6 31.Rxc4 dxc4 32.Qc2 Qd5 33.Kg1 Ne5 34.Kf1 b5 35.a4 Nc6
{#R} 0-1

[Event "Memorial Adolfo Pedrido (open)"]
[Site "masterchessopen.com Vilagarcia de Arousa (Spain)"]
[Date "2006.08.02"]
[Round "9"]
[White "Patino Romaris Juan Roberto (ESP)"]
[Black "Dimitrov Vladimir (BUL)"]
[Result "0-1"]
[WhiteElo "2241"]
[BlackElo "2463"]

1.d4 Nf6 2.c4 e6 3.Nc3 Bb4 4.e3 O-O 5.Ne2 d5 6.a3 Be7 7.cxd5 exd5 8.Ng3 Re8
9.Be2 Nbd7 10.O-O Nf8 11.Bd3 c6 12.Qc2 Bd6 13.Nce2 g6 14.f3 Ne6 15.b4 a5
16.Bd2 axb4 17.axb4 Rxa1 18.Rxa1 h5 19.Nf1 Bf8 20.h3 Nh7 21.Kh1 Qf6 22.Bc3
Nhg5 23.Ng1 Bd6 24.f4 Nh7 25.Nf3 Ng7 26.Ra8 Qe7 27.Ne5 Bf5 28.Ra7 Qc7 29.Bxf5
Nxf5 30.Qa4 Nf6 31.Qa5 Ne4 32.Qxc7 Bxc7 33.Be1 Nfd6 34.Nxc6 Bb6 {#R} 0-1